| 000 | 00674nam a2200157Ia 4500 | ||
|---|---|---|---|
| 008 | 231221s9999 xx 000 0 und d | ||
| 020 | _a978-3-642-31522-0 | ||
| 041 | _aEnglish | ||
| 100 | _aKlaus Miesenberger, Arthur Karshmer, Petr Penaz, Wolfgang Zagler | ||
| 245 | 0 | _aComputers Helping People with Special Needs | |
| 260 |
_c2012 _bSpringer US _aNew York |
||
| 440 | _aLecture Notes in Computer Science | ||
| 650 | _aComputer Science | ||
| 650 | _aUser Interfaces and Human Computer Interaction; Information Systems Applications (incl.Internet); Computers and Society; Computers and Education; Information Storage and Retrieval; Computer Applications | ||
| 942 | _cEB | ||
| 999 |
_c224599 _d224599 |
||